American Horror Story Actors by Seasons - Statistics

General Stats
  • This quiz has been taken 219 times
  • The average score is 6 of 31
Answer Stats
Answer % Correct
Murder House Asylum Coven Freakshow Hotel Roanoke Evan Peters
96%
Murder House Asylum Coven Freakshow Hotel Roanoke Sarah Paulson
93%
Murder House Asylum Coven Freakshow Jessica Lange
83%
Murder House Asylum Coven Freakshow Hotel Roanoke Lily Rabe
42%
Coven Freakshow Hotel Roanoke Kathy Bates
34%
Murder House Coven Roanoke Taissa Farmiga
34%
Murder House Asylum Coven Freakshow Roanoke Frances Conroy
33%
Murder House Coven Freakshow Hotel Roanoke Denis O'Hare
25%
Hotel Roanoke Lady Gaga
25%
Coven Freakshow Hotel Roanoke Angela Basset
23%
Coven Freakshow Emma Roberts
23%
Freakshow Hotel Roanoke Finn Wittrock
13%
Murder House Asylum Dylan McDermott
11%
Asylum Hotel Chloe Sevigny
10%
Hotel Roanoke Cheyenne Jackson
9%
Freakshow Hotel Matt Bomer
8%
Murder House Asylum Zachary Quinto
8%
Roanoke Cuba Gooding Jr
7%
Murder House Roanoke Adina Porter
5%
Asylum James Cromwell
4%
Murder House Coven Freakshow Jamie Brewer
4%
Asylum Joseph Fiennes
4%
Asylum Freakshow Naomi Grossman
4%
Coven Freakshow Hotel Mare Winningham
2%
Freakshow Hotel Roanoke Wes Bentley
2%
Murder House Coven Alexandra Breckenridge
1%
Roanoke André Holland
1%
Murder House Connie Brighton
1%
Coven Freakshow Hotel Gabourey Sibide
1%
Coven Roanoke Leslie Jordan
1%
Coven Freakshow Grace Summer
0%
No matching quizzes found
Score Distribution
Percent of People with Each Score
Percentile by Number Answered
Your Score History
You have not taken this quiz